Library Banner

Azadi e niswan , ahde Risalat mein/ (Record no. 96761)

MARC details
000 -LEADER
fixed length control field 00468nam a22001577a 4500
005 - DATE AND TIME OF LATEST TRANSACTION
control field 20180307132757.0
008 - FIXED-LENGTH DATA ELEMENTS--GENERAL INFORMATION
fixed length control field 170809b xxu||||| |||| 00| 0 eng d
020 ## - INTERNATIONAL STANDARD BOOK NUMBER
International Standard Book Number 9789698475239
040 ## - CATALOGING SOURCE
Transcribing agency PK-LaUMT
082 ## - DEWEY DECIMAL CLASSIFICATION NUMBER
Classification number ZIAC 297.082
Item number ABD-A
100 ## - MAIN ENTRY--PERSONAL NAME
Personal name Abdul Hakim Muhammad
245 ## - TITLE STATEMENT
Title Azadi e niswan , ahde Risalat mein/
Statement of responsibility, etc Abdul Hakim Muhammad
260 ## - PUBLICATION, DISTRIBUTION, ETC. (IMPRINT)
Place of publication, distribution, etc اسلام آباد:
Name of publisher, distributor, etc اسلامی نظریاتی کونسل،
Date of publication, distribution, etc 2007
300 ## - PHYSICAL DESCRIPTION
Extent 300 ص
942 ## - ADDED ENTRY ELEMENTS (KOHA)
Koha item type Books
Holdings
Withdrawn status Lost status Damaged status Home library Current library Date acquired Full call number Barcode Date last seen Price effective from Koha item type
      UMT Main Campus UMT Main Campus 2017-08-09 ZIAC 297.082 ABD-A 112393 2017-08-09 2017-08-09 Books